Central Library OPAC University of Rajshahi

Labor problems in American industry / (Record no. 2671)

MARC details
000 -LEADER
fixed length control field 01141nam a2200325I 4500
001 - CONTROL NUMBER
control field 2671
003 - CONTROL NUMBER IDENTIFIER
rucl marc code BD-RjUL
005 - DATE AND TIME OF LATEST TRANSACTION
control field 20211208233611.0
008 - FIXED-LENGTH DATA ELEMENTS--GENERAL INFORMATION
fixed length control field 131212r19491948mau 001 0 eng c
035 ## - SYSTEM CONTROL NUMBER
System control number MITb10893927
System control number (BD-RjUL)2698
040 ## - CATALOGING SOURCE
Original cataloging agency CSU
Transcribing agency CSU
Modifying agency MYG
-- C
Language of cataloging eng
041 ## - LANGUAGE CODE
Language code of text/sound track or separate title eng
082 ## - DEWEY DECIMAL CLASSIFICATION NUMBER
Edition number 16
Classification number 331
Author mark and year DAL 1949
100 1# - MAIN ENTRY--PERSONAL NAME
Personal name Daugherty, Carroll R.
Fuller form of name (Carroll Roop),
Dates associated with a name 1900-1988.
9 (RLIN) 8608
245 10 - TITLE STATEMENT
Title Labor problems in American industry /
Statement of responsibility, etc. By Carroll R. Daugherty.
250 ## - EDITION STATEMENT
Edition statement 1948-1949 impression.
260 ## - PUBLICATION, DISTRIBUTION, ETC. (IMPRINT)
Place of publication, distribution, etc. Boston :
Name of publisher, distributor, etc. Houghton Mifflin Co.,
Date of publication, distribution, etc. 1948 [impression 1949].
300 ## - PHYSICAL DESCRIPTION
Pagination xxii, 1066, xiv p. :
Illustrations maps, diagrs. ;
Size 23 cm.
500 ## - GENERAL NOTE
General note "The inclusion of a supplementary chapter [principally by George H. Hildebrand] serves to bring up to date the 1941 ed."
650 #0 - SUBJECT ADDED ENTRY--TOPICAL TERM
Topical term or geographic name as entry element Working class
Geographic subdivision United States.
9 (RLIN) 8609
Topical term or geographic name as entry element Industries
Geographic subdivision United States.
9 (RLIN) 8359
Topical term or geographic name as entry element Labor laws and legislation
Geographic subdivision United States.
9 (RLIN) 7551
700 1# - ADDED ENTRY--PERSONAL NAME
Personal name Hildebrand, George Herbert.
942 ## - ADDED ENTRY ELEMENTS (KOHA)
Source of classification or shelving scheme Dewey Decimal Classification
Koha item type Books
946 ## - LOCAL PROCESSING INFORMATION (OCLC)
a t
949 ## - LOCAL PROCESSING INFORMATION (OCLC)
a c
p 39080020371826
Holdings
Lost status Source of classification or shelving scheme Damaged status Not for loan Collection code Permanent Location Current Location Shelving location Date acquired Source of acquisition Total Checkouts Full call number Date last seen Copy number Koha item type
  Dewey Decimal Classification     Non-fiction Central Library, University of Rajshahi Central Library, University of Rajshahi   01/10/1959 Asia foundation   331 DAL 1949 12/12/2013 C-2 Books
  Dewey Decimal Classification   Not For Loan Non-fiction Central Library, University of Rajshahi Central Library, University of Rajshahi Reading Room 29/09/1959 Asia Foundation   331 DAL 1949 17/12/2013 C-1 Books